| 000 | 00505nam a2200109Ia 4500 | ||
|---|---|---|---|
| 003 | GCL | ||
| 008 | 140319s9999 xx 000 0 ara d | ||
| 040 |
_aGCL / _cGCL |
||
| 082 | 0 | 4 | _aـqاqتq qاqلqمqكqتqبq |
| 245 | 1 | 0 | _aةq t t t t t t t t t t t t t t t t t t t t t4t0t:t5t3t:t1t6t t t t t t t t t t t t t t t t t t t t t t t t t t t t t t t t t t t t t t t t t t t t t t t t t t t t t t t t t t t t t t t t t t t t t t t t t t t tLtItSt t t t t t t t t t t t t t t t t t t t |
| 300 | _aيqسqيqةq t t t | ||
| 999 |
_c25936 _d25936 |
||